| 000 | 02024cam a22003494a 4500 | ||
|---|---|---|---|
| 003 | data | ||
| 005 | 20260322212004.0 | ||
| 008 | data | ||
| 010 | _a2009023230 | ||
| 019 | _a310400304 | ||
| 020 | _a9780786868728 | ||
| 020 | _a0786868724 | ||
| 040 |
_aDLC _cDLC _dJYJ _dBTCTA _dYDXCP _dUPZ _dHSA _dHBP _dWIQ _dBUR _dDCB _dP@N _dLMR _dVP@ _dYBM _dJYJ |
||
| 049 | _aOSUU | ||
| 050 | 0 | 0 |
_aBM729.F3 _bA496 2009 |
| 082 | 0 | 0 |
_a296.7 _222 |
| 082 | 0 | 4 |
_a202 _222 |
| 092 | _a296.7 A496 2009 | ||
| 100 | 1 |
_aAlbom, Mitch, _d1958- |
|
| 245 | 1 | 0 |
_aHave a little faith : _ba true story / _cMitch Albom. |
| 260 |
_aNew York : _bHyperion, _c2009. |
||
| 300 |
_aviii, 254 p. ; _c20 cm. |
||
| 504 | _aIncludes bibliographical references and index. | ||
| 505 | 0 | _aIn the beginning... -- Spring -- The great tradition of running away -- Meet the reb -- A little history -- Life of Henry -- The file on God -- The house of peace -- The daily grind of faith -- Ritual -- The end of spring -- Summer -- The things we lose -- Community -- A little more history -- The greatest question of all -- Why war? -- Happiness -- The end of summer -- Autumn -- Church -- What is rich? -- Church -- Old -- Church -- A good marriage -- Your faith, my faith -- The things we find -- Thanksgiving -- The end of autumn -- Winter -- Winter solstice -- Good and evil -- Life of Cass -- Saying sorry -- The moment of truth -- Heaven -- Church -- Goodbye -- The eulogy -- ...The things we leave behind. | |
| 520 | _aWhen an eighty-two-year-old rabbi from Albom's old hometown asks him to deliver his eulogy, Albom goes back to his nonfiction roots and becomes involved with a Detroit pastor--a reformed drug dealer and convict--who preaches to the poor and homeless in a decaying church with a hole in its roof. A timely, moving, and inspiring look at faith: not just who believes, but why. | ||
| 600 | 1 | 0 |
_aAlbom, Mitch, _d1958- _xReligion. |
| 600 | 1 | 0 | _aLewis, Albert L. |
| 600 | 1 | 0 | _aCovington, Henry P. |
| 650 | 0 | _aFaith (Judaism) | |
| 650 | 0 | _aFaith. | |
| 001 | data | ||
| 999 |
_c46 _d46 |
||